MARC

LEADER 00000nam0a2200000 4500
001 309648
005 20231102002218.0
020 |a RU  |b 81-83280 
035 |a (RuTPU)RU\TPU\book\334987 
090 |a 309648 
100 |a 20151116d1981 k a0rusy5003 ca 
101 0 |a rus 
102 |a RU 
105 |a a z 001zy 
200 1 |a Математические методы в технической кибернетике  |e [сборник статей]  |f Пензенский дом научно-технической пропаганды ; Пензенский политехнический институт ; под ред. В. И. Левина 
210 |a Саратов  |c Изд-во Саратовского ун-та  |d 1981 
215 |a 70 с.  |c ил. 
320 |a Библиография в конце статей 
606 |a Кибернетика техническая  |x Математические методы  |2 stltpush  |3 (RuTPU)RU\TPU\subj\39480  |9 59559 
610 1 |a автоматы 
610 1 |a вычислительные системы 
610 1 |a сложные системы 
610 1 |a оптимизация 
675 |a 681.51.01:51  |v 3 
702 1 |a Левин  |b В. И.  |g Виталий Ильич  |4 340 
712 0 2 |a Пензенский дом научно-технической пропаганды  |2 stltpush  |3 (RuTPU)RU\TPU\col\14045  |9 25866 
712 0 2 |a Пензенский политехнический институт  |2 stltpush  |3 (RuTPU)RU\TPU\col\14047  |9 25868 
801 0 |a RU  |b RuMRKP  |c 19950704  |g psbo 
801 1 |a RU  |b 63413507  |c 20151116 
801 2 |a RU  |b 63413507  |c 20180921  |g RCR 
942 |c BK